<?xml version="1.0" encoding="UTF-8"?>
<record
    xmlns:xsi="http://www.w3.org/2001/XMLSchema-instance"
    xsi:schemaLocation="http://www.loc.gov/MARC21/slim http://www.loc.gov/standards/marcxml/schema/MARC21slim.xsd"
    xmlns="http://www.loc.gov/MARC21/slim">

  <leader>02111cam a2200289 i 4500</leader>
  <controlfield tag="001">991107381242106196</controlfield>
  <controlfield tag="005">20250324111227.0</controlfield>
  <controlfield tag="007">ta</controlfield>
  <controlfield tag="008">240209s2024    enkbc    b    000 1 eng d</controlfield>
  <datafield tag="020" ind1=" " ind2=" ">
    <subfield code="a">9781399726344</subfield>
    <subfield code="q">hardback</subfield>
  </datafield>
  <datafield tag="035" ind1=" " ind2=" ">
    <subfield code="a">(OCoLC)1420908312</subfield>
    <subfield code="z">(OCoLC)1375547201</subfield>
    <subfield code="z">(OCoLC)1375553251</subfield>
  </datafield>
  <datafield tag="035" ind1=" " ind2=" ">
    <subfield code="a">(OCoLC)on1420908312</subfield>
  </datafield>
  <datafield tag="040" ind1=" " ind2=" ">
    <subfield code="a">AU@</subfield>
    <subfield code="b">eng</subfield>
    <subfield code="c">AU@</subfield>
    <subfield code="d">ATNSH</subfield>
    <subfield code="d">AUPTL</subfield>
    <subfield code="e">rda</subfield>
    <subfield code="d">AUNTL</subfield>
    <subfield code="d">OCLCO</subfield>
    <subfield code="d">ORU</subfield>
    <subfield code="d">YDX</subfield>
    <subfield code="d">SINLB</subfield>
    <subfield code="d">LIV</subfield>
  </datafield>
  <datafield tag="050" ind1=" " ind2="4">
    <subfield code="a">PR6102.R3333</subfield>
    <subfield code="b">M56 2024</subfield>
  </datafield>
  <datafield tag="100" ind1=" " ind2=" ">
    <subfield code="a">Bradley, Kaliane,</subfield>
    <subfield code="e">author.</subfield>
    <subfield code="9">25004</subfield>
  </datafield>
  <datafield tag="245" ind1="1" ind2="4">
    <subfield code="a">The Ministry of Time </subfield>
    <subfield code="c">/ Kaliane Bradley.</subfield>
  </datafield>
  <datafield tag="264" ind1=" " ind2="1">
    <subfield code="a">London, England :</subfield>
    <subfield code="b">Sceptre,</subfield>
    <subfield code="c">2024.</subfield>
  </datafield>
  <datafield tag="300" ind1=" " ind2=" ">
    <subfield code="a">353 pages :</subfield>
    <subfield code="b">map, portrait ;</subfield>
    <subfield code="c">24 cm.</subfield>
  </datafield>
  <datafield tag="504" ind1=" " ind2=" ">
    <subfield code="a">Includes bibliographical references.</subfield>
  </datafield>
  <datafield tag="520" ind1=" " ind2=" ">
    <subfield code="a">In the near future, a disaffected civil servant is offered a lucrative job in a mysterious new government ministry gathering 'expats' from across history to test the limits of time-travel. Her role is to work as a 'bridge': living with, assisting and monitoring the expat known as '1847' - Commander Graham Gore. As far as history is concerned, Commander Gore died on Sir John Franklin's doomed expedition to the Arctic, so he's a little disoriented to find himself alive and surrounded by outlandish concepts such as 'washing machine', 'Spotify' and 'the collapse of the British Empire'. With an appetite for discovery and a seven-a-day cigarette habit, he soon adjusts; and during a long, sultry summer he and his bridge move from awkwardness to genuine friendship, to something more. But as the true shape of the project that brought them together begins to emerge, Gore and the bridge are forced to confront their past choices and imagined futures. Can love triumph over the structures and histories that have shaped them? And how do you defy history when history is living in your house?</subfield>
  </datafield>
  <datafield tag="610" ind1=" " ind2="0">
    <subfield code="a">Great Britain</subfield>
    <subfield code="x">Officials and employees</subfield>
    <subfield code="v">Fiction.</subfield>
    <subfield code="9">25005</subfield>
  </datafield>
  <datafield tag="611" ind1=" " ind2="0">
    <subfield code="a">John Franklin Arctic Expedition</subfield>
    <subfield code="d">(1845-1851)</subfield>
    <subfield code="v">Fiction.</subfield>
  </datafield>
  <datafield tag="650" ind1=" " ind2="0">
    <subfield code="a">Civil service</subfield>
    <subfield code="v">Fiction.</subfield>
  </datafield>
  <datafield tag="650" ind1=" " ind2="0">
    <subfield code="a">Time travel</subfield>
    <subfield code="v">Fiction.</subfield>
    <subfield code="9">22838</subfield>
  </datafield>
  <datafield tag="650" ind1=" " ind2="0">
    <subfield code="a">Roommates</subfield>
    <subfield code="v">Fiction.</subfield>
  </datafield>
  <datafield tag="942" ind1=" " ind2=" ">
    <subfield code="2">lcc</subfield>
  </datafield>
  <datafield tag="952" ind1=" " ind2=" ">
    <subfield code="0">0</subfield>
    <subfield code="1">0</subfield>
    <subfield code="2">lcc</subfield>
    <subfield code="4">0</subfield>
    <subfield code="7">0</subfield>
    <subfield code="a">TBS</subfield>
    <subfield code="b">TBS</subfield>
    <subfield code="d">2025-03-24</subfield>
    <subfield code="l">0</subfield>
    <subfield code="o">P-EN BRA</subfield>
    <subfield code="p">B05632</subfield>
    <subfield code="r">2025-03-24</subfield>
    <subfield code="t">1</subfield>
    <subfield code="w">2025-03-24</subfield>
    <subfield code="y">1</subfield>
  </datafield>
  <datafield tag="999" ind1=" " ind2=" ">
    <subfield code="c">4570</subfield>
    <subfield code="d">4570</subfield>
  </datafield>
</record>
